Detalles MARC
| 000 -LIDER |
| fixed length control field |
01017nam a22002777a 4500 |
| 003 - IDENTIFICACDOR DE NÚMERO DE CONTROL |
| control field |
DO-SdBNP |
| 005 - DATE AND TIME OF LATEST TRANSACTION |
| control field |
20230310093415.0 |
| 008 - ELEMENTOS DE LONGITUD FIJA |
| fixed length control field |
161201b 2005 sp a00| 0 spa d |
| 020 ## - ISBN |
| International Standard Book Number |
849641261X |
| 040 ## - FUENTE DE CATALOGACIÓN |
| Agencia que crea de manera original el registro |
BPMSU |
| Idioma de catalogación |
spa |
| Agencia que realiza la transcripción |
BPMSU |
| 082 #4 - NÚMERO DE CLASIFICACIÓN DECIMAL DE DEWEY |
| Classification number |
823.8 |
| Item number |
B275p 2005 |
| 100 1# - ASIENTO PRINCIPAL -- NOMBRE PERSONAL |
| Nombre personal |
Barrie, J. M. (James Matthew), |
| Fechas asociadas con el nombre |
1860-1937 |
| 245 10 - MENCIÓN DE TITULO |
| Título |
Peter Pan : |
| Subtítulo |
basado en la novela de James Barrie / |
| Mención de responsabilidad |
ilustrado por Alejandra Viacava ; coordinación editorial, Emilio López ; adaptación literaria, Alberto Szpunberg |
| Campo enlazado y núm. de secuencia |
|
| 246 14 - VARIACION DEL TÍTULO |
| Título propiamente dicho o título corto |
Peter Pan : |
| Subtítulo |
para leer, jugar y aprender |
| 260 ## - PUBLICACIÓN, DISTRIBUCIÓN, ETC. (PIE DE IMPRENTA) |
| Lugar de publicación, distribución, etc |
Barcelona : |
| Nombre del editor, distribuidor, etc. |
El país, |
| Fecha de publicación, distribución, etc |
2005. |
| 300 ## - DESCRIPCIÓN FÍSICA |
| Extensión |
45 p. : |
| Otros detalles físicos |
il., |
| Dimensiones |
20 cm.. |
| 490 0# - MENCIÓN DE SERIES |
| Mención de serie |
Cuentos infantiles, |
| Volume/sequential designation |
7 |
| 590 ## - NOTA LOCAL |
| Enlace |
Inventariado, 2023/VM |
| 650 #4 - ENCABEZAMIENTO DE MATERIA--TEMÁTICO |
| Término temático o nombre geográfico como elemento de entrada |
Cuentos ingleses infantiles |
| 650 #4 - ENCABEZAMIENTO DE MATERIA--TEMÁTICO |
| Término temático o nombre geográfico como elemento de entrada |
Literatura inglesa infantil |
| 700 1# - ASIENTO SECUNDARIO -- NOMBRE PERSONAL |
| Nombre personal |
Viacava, Alejandra, |
| Mención de responsabilidad |
il. |
| 700 1# - ASIENTO SECUNDARIO -- NOMBRE PERSONAL |
| Nombre personal |
Szpunberg, Alberto |
| Mención de responsabilidad |
adaptación |
| 700 1# - ASIENTO SECUNDARIO -- NOMBRE PERSONAL |
| Nombre personal |
López, Emilio |
| Mención de responsabilidad |
coord. |
| 910 ## - VALIDACIÓN |
| Validación |
BTAVÁREZ/VMateo V. Control de calidad (BPMSU) |
| 942 ## - ADDED ENTRY ELEMENTS (KOHA) |
| Source of classification or shelving scheme |
Dewey Decimal Classification |
| Koha item type |
Libros |